000 00427nam a2200145Ia 4500
003 OSt
005 20260128123930.0
008 211028s2018 xx 000 0 und d
040 _cAIMIT LIBRARY
041 _aeng
100 _aD Souza, Ashley Princia; Dias, Beena.
_g1616023
_97780
245 _aEmpirical study on octapace culture at Athena hospital Mangalore /
260 _aMangalore
_bBeena Dias.
_c2018
942 _2ddc
_cPRO
999 _c219348
_d219348